000 00610pam a2200205 a 4500
001 1019023
005 20241025111041.0
008 880107t19881989nyua b 001 0 eng
020 _a9780023958106
050 0 0 _aHB172
_b.P53 1989
082 0 0 _a338.5
_219
100 1 _aPindyck, Robert S.
245 1 0 _aMicroeconomics /
_cRobert S. Pindyck, Daniel L. Rubinfeld.
260 _aNew York :
_bMacmillan ;
_aLondon :
_bCollier Macmillan,
_c[1988], c1989.
300 _axx, 668 p. :
_bill. ;
_c24 cm.
500 _aIncludes Index
650 0 _aMicroeconomics.
700 1 _aRubinfeld, Daniel L.
942 _2lcc
_cBK
_n0
999 _c179
_d179